| 000 | 00523nam a2200169Ia 4500 | ||
|---|---|---|---|
| 008 | 090201s9999 xx 000 0 und d | ||
| 010 | _aKPL-39404 | ||
| 040 | _bमराठी | ||
| 041 | _aमराठी | ||
| 082 |
_a25178 _b39404 |
||
| 100 | _aव्ही. शांताराम | ||
| 245 |
_aशांतारामा _cव्ही. शांताराम |
||
| 260 |
_c2004 _bमौज प्रकाशन |
||
| 300 |
_a582 _bमोठा |
||
| 600 | _aशांतारामा | ||
| 942 | _cBOOK | ||
| 999 |
_c224413 _d224413 |
||